1358 1188 1737 1506 1788 1980 1012 1201 1340 1394 1935 1456 1931 1451 1299 1889 1877 1716 1334 1689 1250 1787 1985 1034 1766 1652 1293 1261 1396 1477 1038 1351 1443 1528 1290 1898 1885 1803 1672 1194 1265 1138 1954 1782 1113 1045 1624 1067 1464 1844 1812 1295 1426 1566 1936 1537 1606 1759 1075 1910 1799 1341 1351 1490 1003 1570 1075 1512 1964 1601 1838 1099 1813 1002 1398 1077 1867 1620 1828 1033 1444 1646 1468 1021 1236 1330 1760 1516 1287 1460 1431 1883 1957 1515 1613 1615 1150 1576 1419 BCNSPRNW ULIB Ver.6.0+V

เปลี่ยนเป็นภาษาไทย

Change to English
 แสดงรายละเอียดบรรณานุกรม
  กลับหน้าหลัก

Brief Record : Get Marc (ISO 2709) : E-mail record : QR code < ปิดหน้าต่าง
LEADER : 00000nam 2200000uu 4500
001    13399111702
003     ULIB
008    110706s2550||||th 000 0 tha d
020    9789749461693
050 04 BQ7640.S64^bซ911ห 2550
100 0  โซเกียล,^cรินโปเช
245 10 เหนือห้วงมหรรณพ :^bคำสอนธิเบตเพื่อการอยู่และตายอย่างไร้ทุกข์ /^cโซเกียล รินโปเช, เขียน ; พระไพศาล วิสาโล, แปล
246 30 คำสอนธิเบตเพื่อการอยู่และตายอย่างไร้ทุกข์
250    พิมพ์ครั้งที่ 3
260    กรุงเทพฯ :^bมูลนิธิโกมลคีมทอง,^c2550
300    281 หน้า ;^c21 ซม
500    แปลจาก The Tibetan book of living and dying
650  7 ความตาย^xแง่ศาสนา^xพุทธศาสนา
650  7 พุทธศาสนา^zทิเบต
650  7 ชีวิตทางศาสนา^xพุทธศาสนา
700 0  พระไพศาล วิสาโล
700 12 Sogyal,^cRinpoche.^tThe Tibetan book of living and dying
945    ^p190^l0^i026691
995    ทศพร
999 ^a ใช้งานได้ทุกระบบ
รายการนี้ยังไม่มีแท็ก
คุณยังไม่ได้ล็อกอิน คุณสามารถมีกิจกรรมร่วมกับเว็บไซต์ได้ แต่ต้องล็อกอินก่อน ::
  ล็อกอิน

รายการสื่อสารสนเทศ

ลำดับที่ ประเภท เลขเรียก/บาร์โค้ด สถานที่ สถานะ
- ไม่พบข้อมูล -

BibComment


ยังไม่เคยถูกคอมเมนท์

คอมเมนท์ทรัพยากรรายการนี้
  คอมเมนท์: เหนือห้วงมหรรณพ ..


 Copyright 2026. Bcnsprnw @Library